Canadian Prime Ministers by Religion - Statistics

General Stats
  • This quiz has been taken 44 times
  • The average score is 20 of 23
Answer Stats
Hint Answer % Correct
Sir Wilfrid Laurier Roman Catholic
100%
Louis St. Laurent Roman Catholic
100%
Pierre Trudeau Roman Catholic
100%
Joe Clark Roman Catholic
100%
John Turner Roman Catholic
100%
Brian Mulroney Roman Catholic
100%
Jean Chrétien Roman Catholic
100%
Paul Martin Roman Catholic
100%
Justin Trudeau Roman Catholic
100%
Sir John Thompson Roman Catholic (Raised Methodist)
100%
Sir John A. Macdonald Anglican (Raised Presbyterian)
86%
Sir Robert Borden Anglican (Raised Presbyterian)
86%
Sir John Abbott Anglican
83%
Kim Campbell Anglican
83%
Alexander Mackenzie Baptist (Raised Presbyterian)
83%
Sir Mackenzie Bowell Presbyterian
81%
Arthur Meighen Presbyterian
81%
William Lyon Mackenzie King Presbyterian
81%
Sir Charles Tupper Baptist
75%
John Diefenbaker Baptist
75%
Richard Bedford Bennett United Church of Canada (Raised Methodist before formation of United Church)
75%
Lester B. Pearson United Church of Canada(Raised Methodist before formation of United Church)
75%
Stephen Harper Christian and Missionary Alliance (Raised United Church of Canada)
14%
No matching quizzes found
Score Distribution
Percent of People with Each Score
Percentile by Number Answered
Your Score History
You have not taken this quiz